Significant Figure Multiple Choice - Hitler - Statistics

General Stats
  • This quiz has been taken 35 times
    33 since last reset
  • The average score is 7 of 10
Answer Stats
Question Answer % Correct
What year did Hitler become Chancellor of Germany? 1933
97%
What is the name of Hitler’s autobiography, which was written while he was imprisoned? Mein Kampf
97%
What political party did Hitler adhere to? National Socialist German Workers' Party
90%
What was the name of the Nazi military strategy used during the invasion of France in 1940? Blitzkreig
87%
Which high-ranking Nazi official was responsible for organizing the concentration camps and later became a key architect of the "Final Solution"? Heinrich Himmler
70%
Which document, signed by Hitler and Mussolini in 1939, formalized their alliance and military cooperation? The Pact of Steel
67%
Which major German city did Hitler focus on as a central symbol of his future plans in the late 1930s, intending to rebuild it into the "world capital"? Berlin
63%
What was the title of the 1942 conference, in which senior Nazi officials devised plans for the systematic genocide of the Jewish population? The Wannsee Conference
57%
Which country was Hitler's first victim of aggression, invaded by Nazi forces in 1938, sparking international tension? Austria
43%
Which German general famously opposed Hitler’s leadership and participated in a plot to assassinate him in 1944? Erwin Rommel
43%
No matching quizzes found
Score Distribution
Percent of People with Each Score
Percentile by Number Answered
Your Score History
You have not taken this quiz since the last reset